[Event "SR 3. liga A2 2012/2013"]
[Site "?"]
[Date "2013.03.24"]
[Round "11.3"]
[White "Husek, Lubomir"]
[Black "Hagara, Vladimir"]
[Result "0-1"]
[WhiteElo "1809"]
[BlackElo "1909"]
[PlyCount "164"]
[EventDate "2012.??.??"]

1. e4 d6 2. d4 Nf6 3. f3 c6 4. Be3 Nbd7 5. Nc3 e5 6. Qd2 Be7 7. g4 h6 8. O-O-O
b5 9. d5 cxd5 10. Nxd5 Nxd5 11. Qxd5 Ba6 12. Bxb5 Bxb5 13. Qxb5 O-O 14. Ne2 Qc7
15. Rd3 Rfb8 16. Qa6 Nc5 17. Bxc5 Qxc5 18. Rc3 Qf2 19. Ng3 g6 20. Kb1 Qd4 21.
Qd3 Qa4 22. Ra3 Qc6 23. Qc3 Qe8 24. Rb3 Rc8 25. Qd3 a5 26. Qb5 Qd8 27. Qb6 Qd7
28. Qb7 Qd8 29. Qb6 Qd7 30. h4 a4 31. Rd3 Rcb8 32. Qe3 Qb7 33. b3 Qa6 34. Qd2
Rb6 35. Ne2 Bf8 36. Nc1 Rc8 37. Rd5 Ra8 38. g5 h5 39. Re1 axb3 40. cxb3 Rab8
41. Rd1 Be7 42. Ra5 Qc8 43. Ra7 Qe8 44. Qd5 Rb5 45. Qc4 Rc5 46. Qa4 Qxa4 47.
Rxa4 Rbc8 48. Nd3 Rc2 49. Rc1 Rxc1+ 50. Nxc1 Rc3 51. Ra8+ Kg7 52. Re8 Bf8 53.
a4 Rxf3 54. a5 Rc3 55. Kb2 Rc7 56. Nd3 Be7 57. a6 f5 58. gxf6+ Bxf6 59. Rb8 Rc6
60. Nb4 Rxa6 61. Nxa6 Bxh4 62. b4 Bf2 63. Rd8 h4 64. Rxd6 h3 65. Rd1 h2 66. Rh1
Bg1 67. Nc5 g5 68. Nd3 g4 69. Ne1 Kg6 70. Kc2 Kg5 71. b5 Kf4 72. Kd3 g3 73.
Ng2+ Kf3 74. Nh4+ Kg4 75. Ng2 Kf3 76. Ne1+ Kf2 77. Kd2 g2 78. Nxg2 Kxg2 79.
Rxh2+ Kxh2 80. Kd3 Kg3 81. Ke2 Kf4 82. Kd3 Bb6 0-1

[Event "SR 3. liga A2 2012/2013"]
[Site "?"]
[Date "2013.03.24"]
[Round "11.3"]
[White "Babirat, Michal"]
[Black "Hrubos, Milan"]
[Result "1-0"]
[WhiteElo "1760"]
[BlackElo "1786"]
[PlyCount "105"]
[EventDate "2012.??.??"]

1. c4 e5 2. Nc3 Nf6 3. g3 c6 4. e4 Bb4 5. d3 O-O 6. a3 Bxc3+ 7. bxc3 d5 8. cxd5
cxd5 9. Bg5 dxe4 10. dxe4 Qxd1+ 11. Rxd1 Nxe4 12. Bd2 Nc6 13. Bg2 Nxd2 14. Rxd2
Be6 15. Ne2 Rfd8 16. Rb2 Rab8 17. f4 Bd5 18. O-O Bxg2 19. Kxg2 exf4 20. Rxf4
Ne5 21. Rd4 b6 22. Rbd2 Nc6 23. Rxd8+ Rxd8 24. Rxd8+ Nxd8 25. Kf3 f5 26. Kf4 g6
27. Ke5 Nb7 28. Kd5 Kf7 29. Kc6 Na5+ 30. Kc7 Nc4 31. Kb7 Nxa3 32. Kxa7 Nc4 33.
Ka6 Kf6 34. Kb5 Ne3 35. Kxb6 Ke5 36. Kb5 g5 37. c4 Nxc4 38. Kxc4 f4 39. gxf4+
gxf4 40. Kd3 f3 41. Ng3 Kf4 42. Nf1 h5 43. Kd2 Kg4 44. Ke3 Kh3 45. Kxf3 h4 46.
Kf2 Kg4 47. Kg2 h3+ 48. Kf2 Kf4 49. Nd2 Kg4 50. Ke3 Kg5 51. Kf3 Kh4 52. Kf4 Kh5
53. Kg3 1-0

[Event "SR 3. liga A2 2012/2013"]
[Site "?"]
[Date "2013.03.24"]
[Round "11.3"]
[White "Benak, Peter"]
[Black "Puskar, David"]
[Result "0-1"]
[WhiteElo "1594"]
[BlackElo "1699"]
[PlyCount "113"]
[EventDate "2012.??.??"]

1. e4 e6 2. d4 d5 3. exd5 exd5 4. Nf3 Bf5 5. Bf4 Nf6 6. Be2 c6 7. O-O Be7 8. h3
O-O 9. c3 Re8 10. Re1 Nbd7 11. Nbd2 Nf8 12. Ne5 Qc8 13. Bg4 Bxg4 14. Nxg4 Nxg4
15. Qxg4 Qxg4 16. hxg4 Ng6 17. Bg3 Bf6 18. Nf3 h6 19. Rxe8+ Rxe8 20. Re1 Rxe1+
21. Nxe1 Kf8 22. Nd3 Ke8 23. Kf1 Kd7 24. Ke2 b6 25. b3 Ne7 26. Ke3 Ng6 27. Ke2
Be7 28. Ke3 f6 29. f3 Bd6 30. f4 Nf8 31. Kf3 Ne6 32. Kf2 Nc7 33. a4 g5 34. f5
Bxg3+ 35. Kxg3 Ne8 36. Nf2 Nd6 37. Kf3 Nb7 38. Nd3 Na5 39. Nc1 Kd6 40. Ke3 Nb7
41. Nd3 Kd7 42. Ke2 Nd6 43. Nf2 b5 44. axb5 Nxb5 45. Kd2 Nc7 46. Nd3 Na6 47.
Kc2 Kc7 48. Kd2 Kd6 49. Ke3 c5 50. dxc5+ Nxc5 51. Nxc5 Kxc5 52. Kd3 Kc6 53. b4
Kd6 54. Kd4 a6 55. c4 dxc4 56. Kxc4 Kc6 57. Kd4 0-1

[Event "SR 3. liga A2 2012/2013"]
[Site "?"]
[Date "2013.03.24"]
[Round "11.3"]
[White "Benkovsky, Peter"]
[Black "Pivacek, Jozef"]
[Result "1-0"]
[WhiteElo "1678"]
[BlackElo "1000"]
[PlyCount "77"]
[EventDate "2012.??.??"]

1. d4 f5 2. c4 Nf6 3. Nc3 e6 4. Nf3 Be7 5. e3 O-O 6. Bd3 d5 7. Ne5 c6 8. h3
Nbd7 9. Nxd7 Bxd7 10. Qc2 Ne4 11. Nxe4 fxe4 12. Be2 b5 13. cxb5 cxb5 14. O-O
Rc8 15. Qb3 a6 16. Bd2 Bd6 17. Bb4 Bxb4 18. Qxb4 Rc2 19. Bd1 a5 20. Qb3 Rc7 21.
Be2 b4 22. Rac1 Rxc1 23. Rxc1 Qb6 24. a3 Rb8 25. axb4 axb4 26. Qa2 Qd6 27. Rc5
Bc6 28. Qa6 Ra8 29. Qxc6 Qxc6 30. Rxc6 Ra2 31. Rc2 Ra1+ 32. Kh2 Rb1 33. Bb5 b3
34. Rd2 Ra1 35. Be2 Ra5 36. Rd1 Ra2 37. Rb1 Ra8 38. Bd1 Rb8 39. Rc1 1-0

[Event "SR 3. liga A2 2012/2013"]
[Site "?"]
[Date "2013.03.24"]
[Round "11.4"]
[White "Travnicek, Petr"]
[Black "Kavon, Rastislav"]
[Result "1/2-1/2"]
[WhiteElo "2119"]
[BlackElo "1943"]
[PlyCount "125"]
[EventDate "2012.??.??"]

1. d4 Nf6 2. c4 g6 3. Nc3 Bg7 4. e4 d6 5. f3 O-O 6. Be3 e5 7. d5 Nh5 8. Qd2 f5
9. O-O-O f4 10. Bf2 Nd7 11. Kb1 Rf7 12. Bd3 Bf8 13. Nge2 Nc5 14. Bc2 Kh8 15.
Nc1 Bd7 16. b4 Na6 17. Nd3 Qe8 18. Rc1 c6 19. Bb3 c5 20. b5 Nc7 21. Kb2 b6 22.
a4 Rb8 23. Ra1 g5 24. g4 Ng7 25. h4 Be7 26. hxg5 Bxg5 27. Bh4 Qe7 28. Qf2 Rg8
29. Ne2 Nge8 30. Bc2 Kg7 31. Bxg5 Qxg5 32. Rh5 Qe7 33. Rah1 Kf8 34. Qh2 Rgg7
35. Rg1 Nf6 36. Rh4 Rg5 37. Nf2 Ke8 38. Nh3 Rgg7 39. g5 Ng8 40. Kb3 Kd8 41. Rh5
Kc8 42. Nf2 Kb7 43. Bd3 Rg6 44. Nc3 Rfg7 45. Bf1 Rxg5 46. Rgxg5 Rxg5 47. Rxh7
Rg7 48. Rxg7 Qxg7 49. Ncd1 Ne8 50. Bh3 Bxh3 51. Qxh3 Ngf6 52. Kc2 Qh7 53. Kd2
Qxh3 54. Nxh3 Nh7 55. Ndf2 Nef6 56. Ke2 a5 57. Ng4 Kc7 58. Nh6 Kd7 59. Kf2 Nh5
60. Nf5 N7f6 61. Kg2 Kc7 62. Ng7 Kd7 63. Ne6 1/2-1/2

[Event "SR 3. liga A2 2012/2013"]
[Site "?"]
[Date "2013.03.24"]
[Round "11.4"]
[White "Mackovic, Miroslav"]
[Black "Pribila, Gerhard"]
[Result "0-1"]
[WhiteElo "1919"]
[BlackElo "2080"]
[PlyCount "118"]
[EventDate "2012.??.??"]

1. e4 c5 2. Nf3 e6 3. d4 cxd4 4. Nxd4 a6 5. Nc3 b5 6. a3 Bb7 7. Be2 Qc7 8. O-O
Nf6 9. Qd3 Be7 10. g4 d6 11. g5 Nfd7 12. f4 Qb6 13. Kg2 Nc5 14. Qe3 Nc6 15.
Nxc6 Bxc6 16. Bf3 Qb7 17. Qd4 O-O 18. h4 Nd7 19. Qf2 f6 20. Re1 Rae8 21. Qg3
Bd8 22. Be3 f5 23. Bf2 e5 24. exf5 exf4 25. Qxf4 Bxf3+ 26. Qxf3 Qxf3+ 27. Kxf3
Rxf5+ 28. Kg2 Ref8 29. Bg3 Ne5 30. Rad1 Nc4 31. b3 Nxa3 32. Re2 Ba5 33. Bxd6
Bxc3 34. Bxa3 b4 35. Bc1 Rc8 36. Rd6 a5 37. Rde6 Kf7 38. Re7+ Kf8 39. Kg3 Bd4
40. R7e4 Bb6 41. Bf4 Bc7 42. Bxc7 Rxc7 43. Rf4 Rxf4 44. Kxf4 Rc5 45. Ke4 Kf7
46. Kf4 $11 h6 47. Kg4 hxg5 48. hxg5 Rd5 49. Kf4 Kg6 50. Rg2 Rf5+ 51. Ke4 Rxg5
52. Rf2 Rh5 53. Kd4 Rf5 54. Re2 Kf6 55. Re4 g5 56. Re8 g4 57. c4 bxc3 58. Kxc3
g3 59. Re3 g2 0-1

[Event "SR 3. liga A2 2012/2013"]
[Site "?"]
[Date "2013.03.24"]
[Round "11.4"]
[White "Kocak, Branislav"]
[Black "Mackovic, Matus"]
[Result "0-1"]
[WhiteElo "1891"]
[BlackElo "1871"]
[PlyCount "98"]
[EventDate "2012.??.??"]

1. d4 Nf6 2. c4 g6 3. Nc3 Bg7 4. e4 d6 5. f4 O-O 6. Nf3 Na6 7. Be2 c5 8. d5 Bd7
9. O-O Nc7 10. Qc2 Rb8 11. Bd2 a6 12. a4 b5 13. axb5 axb5 14. Nxb5 Nxb5 15.
cxb5 Bxb5 16. Bxb5 Rxb5 17. Bc3 Qc7 18. Rfe1 Rfb8 19. Ra6 Nh5 20. g3 Bxc3 21.
bxc3 Qc8 22. Ra2 Qg4 23. Qg2 Rb1 24. Rae2 R8b3 25. Rxb1 Rxb1+ 26. Kf2 Rc1 27.
e5 Qd7 28. Ng5 dxe5 29. Qe4 h6 30. Nf3 exf4 31. Ne5 fxg3+ 32. hxg3 Qh3 33. Qg2
Qf5+ 34. Qf3 Qxf3+ 35. Kxf3 Rxc3+ 36. Kf2 Nxg3 37. Ra2 Nf5 38. Ra8+ Kg7 39. Re8
Rc2+ 40. Ke1 h5 41. Nc6 h4 42. Nxe7 Nxe7 43. Rxe7 h3 44. Kd1 Rg2 45. d6 h2 46.
d7 h1=Q+ 47. Re1 Qh5+ 48. Kc1 Qg5+ 49. Kb1 Qd2 0-1

[Event "SR 3. liga A2 2012/2013"]
[Site "?"]
[Date "2013.03.24"]
[Round "11.4"]
[White "Zarecky, Eduard"]
[Black "Brunovsky, Peter"]
[Result "0-1"]
[WhiteElo "1933"]
[BlackElo "1816"]
[PlyCount "178"]
[EventDate "2012.??.??"]

1. d4 Nf6 2. c4 c5 3. e3 g6 4. Nf3 Bg7 5. Nc3 O-O 6. Bd3 d6 7. h3 Na6 8. a3 b6
9. d5 Nc7 10. O-O Bd7 11. e4 a6 12. a4 Rb8 13. Qe2 Rb7 14. Bf4 Qb8 15. e5 Nfe8
16. Ng5 dxe5 17. Bxe5 Nf6 18. Qf3 Nfe8 19. Bxg7 Nxg7 20. Rae1 e6 21. Nce4 Nce8
22. Nf6+ Nxf6 23. Qxf6 Qd8 24. Ne4 Qxf6 25. Nxf6+ Kh8 26. b3 Bc8 27. g4 Rd8 28.
Be4 Ra7 29. Rd1 Ne8 30. Nxe8 Rxe8 31. d6 Rd8 32. Rd2 Bb7 33. f3 Kg7 34. g5 a5
35. Kg2 Bxe4 36. fxe4 Rad7 37. e5 Rh8 38. Kg3 h5 39. gxh6+ Rxh6 40. h4 Rh5 41.
Re2 Rd8 42. Rf4 Rd7 43. Re3 Rd8 44. Re2 Rh7 45. Ref2 Rd7 46. Re2 Rh5 47. Kg4
Kh6 48. Rf6 Kg7 49. Rf4 Kg8 50. Kf3 Kg7 51. Kg3 Kg8 52. Re3 Kh7 53. Re2 Kh6 54.
Rf6 Kg7 55. Rf4 Kf8 56. Kg4 f5+ 57. Kg3 g5 58. hxg5 Rg7 59. Rh4 Rhxg5+ 60. Kh2
Ke8 61. d7+ Rxd7 62. Rh8+ Ke7 63. Rh7+ Kd8 64. Rxd7+ Kxd7 65. Rd2+ Kc7 66. Rd6
Rg6 67. Rd3 Rg5 68. Rd6 Rg6 69. Rd3 f4 70. Rf3 Rg5 71. Rxf4 Rxe5 72. Rf3 Rg5
73. Rf7+ Kc6 74. Re7 Rg6 75. Re8 Kd7 76. Rb8 e5 77. Rb7+ Kc6 78. Re7 Kd6 79.
Rb7 Kc6 80. Re7 Rg5 81. Re6+ Kb7 82. Kh3 Rf5 83. Kg3 Ka7 84. Kg4 Rf4+ 85. Kg3
Re4 86. Kf3 Re1 87. Re7+ Ka6 88. Rd7 e4+ 89. Kf4 Rb1 0-1

[Event "SR 3. liga A2 2012/2013"]
[Site "?"]
[Date "2013.03.24"]
[Round "11.4"]
[White "Valla, Tomas"]
[Black "Lezovic, Maros"]
[Result "0-1"]
[WhiteElo "1813"]
[BlackElo "1762"]
[PlyCount "68"]
[EventDate "2012.??.??"]

1. e4 e5 2. Nc3 Bc5 3. Na4 Be7 4. Nf3 d6 5. Bc4 Nf6 6. Nc3 Be6 7. Qe2 c6 8. O-O
O-O 9. d4 Bxc4 10. Qxc4 b5 11. Qb3 a5 12. a4 b4 13. dxe5 dxe5 14. Ne2 Nbd7 15.
Rd1 Qc7 16. Ng3 c5 17. c4 bxc3 18. Qxc3 c4 19. Bg5 Bb4 20. Qc2 h6 21. Bd2 Rab8
22. Rac1 Rfc8 23. Bc3 Bxc3 24. Qxc3 Rb3 25. Qc2 Qb6 26. Rb1 Qb4 27. Nd2 Rd3 28.
Rbc1 Nb6 29. b3 Rd4 30. Nf5 cxb3 31. Qb2 Rxc1 32. Qxc1 b2 33. Qb1 Rxd2 34. Re1
Nxa4 0-1

[Event "SR 3. liga A2 2012/2013"]
[Site "?"]
[Date "2013.03.24"]
[Round "11.4"]
[White "Slobodnik, Michal"]
[Black "Kastler, Peter"]
[Result "1-0"]
[WhiteElo "1785"]
[BlackElo "1714"]
[PlyCount "47"]
[EventDate "2012.??.??"]

1. Nf3 d5 2. c4 c6 3. d4 Nf6 4. Nc3 Bf5 5. Qb3 b6 6. cxd5 cxd5 7. Bg5 e6 8. e4
dxe4 9. Bb5+ Nbd7 10. Ne5 Bd6 11. Nxd7 Ke7 12. Nxf6 gxf6 13. Be3 Qg8 14. Bf1
Rd8 15. Nb5 Bb8 16. Qa3+ Ke8 17. Nxa7 Bd6 18. Qa4+ Kf8 19. Bh6+ Ke7 20. Nc6+
Ke8 21. Ne5+ Ke7 22. Qa7+ Ke8 23. Bb5+ Rd7 24. Qxd7# 1-0

[Event "SR 3. liga A2 2012/2013"]
[Site "?"]
[Date "2013.03.24"]
[Round "11.4"]
[White "Zajicek, Ferdinand"]
[Black "Bango, Lukas"]
[Result "0-1"]
[WhiteElo "1830"]
[BlackElo "1722"]
[PlyCount "80"]
[EventDate "2012.??.??"]

1. e4 c5 2. Nf3 Nc6 3. Nc3 d6 4. h3 Nf6 5. Bc4 e6 6. a3 Be7 7. O-O O-O 8. d3 a6
9. Bd2 b5 10. Ba2 Qc7 11. Qc1 Bd7 12. Ne2 a5 13. c3 Rab8 14. Ng3 Rfc8 15. Re1
b4 16. axb4 cxb4 17. cxb4 Nxb4 18. Bxb4 Rxb4 19. Qxc7 Rxc7 20. b3 Rc3 21. d4
Rb7 22. Rac1 Rbc7 23. Rxc3 Rxc3 24. e5 dxe5 25. Nxe5 Bb4 26. Re2 Bb5 27. Nc4 a4
28. Re5 axb3 29. Bxb3 Bxc4 30. Bxc4 Rxc4 31. Ne2 Bd6 32. Rb5 Rb4 33. Rxb4 Bxb4
34. f3 Nd5 35. Kf2 Bc3 36. f4 Kf8 37. Kf3 Ke7 38. Ke4 Bd2 39. g4 Nc3+ 40. Kd3
Nxe2 0-1

[Event "SR 3. liga A2 2012/2013"]
[Site "?"]
[Date "2013.03.24"]
[Round "11.4"]
[White "Gajarsky, Julius"]
[Black "Kanka, Tomas"]
[Result "1/2-1/2"]
[WhiteElo "1809"]
[BlackElo "1435"]
[PlyCount "120"]
[EventDate "2012.??.??"]

1. d4 d5 2. c4 c6 3. Nc3 Nf6 4. Nf3 g6 5. Bf4 Bg7 6. e3 O-O 7. Bd3 Nbd7 8. O-O
dxc4 9. Bxc4 Nb6 10. Bd3 Bg4 11. h3 Bxf3 12. Qxf3 Nfd5 13. Bh2 Qd7 14. Rac1
Rae8 15. Rfd1 f5 16. Nxd5 Nxd5 17. Bc4 e6 18. a3 a5 19. Kh1 Kh8 20. Qe2 Rf7 21.
Qd2 Qd8 22. b4 axb4 23. axb4 Ref8 24. b5 cxb5 25. Bxb5 f4 26. e4 Nf6 27. f3 Nh5
28. Qf2 Qg5 29. Bc4 Rc7 30. Bxe6 Rxc1 31. Rxc1 Rd8 32. e5 Ng3+ 33. Bxg3 fxg3
34. Qe1 h5 35. Rc8 Rxc8 36. Bxc8 Qd8 37. Bxb7 Qxd4 38. e6 Bf6 39. Bc8 h4 40.
Qc1 Kg7 41. Qc7+ Kh6 42. Qc1+ Bg5 43. Qe1 Qf2 44. Qa1 Kh7 45. Qd1 Qe3 46. Qb1
Bf6 47. Bd7 Bc3 48. Bc8 Be1 49. Qb7+ Kh6 50. Qe4 Qc1 51. Qxh4+ Kg7 52. Qd4+ Kh7
53. Qh4+ Kg7 54. Qe7+ Kh8 55. Qf8+ Kh7 56. Qf7+ Kh8 57. Qf6+ Kh7 58. Qf7+ Kh8
59. Qe8+ Kh7 60. Qf7+ Kh8 1/2-1/2

[Event "SR 3. liga A2 2012/2013"]
[Site "?"]
[Date "2013.03.24"]
[Round "11.5"]
[White "Sturdik, Igor"]
[Black "Gasa, Andrej"]
[Result "1/2-1/2"]
[WhiteElo "2027"]
[BlackElo "2282"]
[PlyCount "29"]
[EventDate "2012.??.??"]

1. e4 c5 2. Nf3 a6 3. c4 Nc6 4. d4 cxd4 5. Nxd4 g6 6. Nc3 Bg7 7. Be3 Nf6 8. Be2
O-O 9. O-O d6 10. h3 Bd7 11. b3 Rb8 12. f4 Qa5 13. Rc1 Rfd8 14. Bf3 e6 15. Rf2
1/2-1/2

[Event "SR 3. liga A2 2012/2013"]
[Site "?"]
[Date "2013.03.24"]
[Round "11.5"]
[White "Sebesta, Radovan"]
[Black "Krist, Milan"]
[Result "1/2-1/2"]
[WhiteElo "2061"]
[BlackElo "1985"]
[PlyCount "29"]
[EventDate "2012.??.??"]

1. e4 e6 2. d4 d5 3. Nc3 Nf6 4. Bg5 Be7 5. e5 Nfd7 6. h4 a6 7. Nf3 c5 8. dxc5
Nxc5 9. Bd3 Nc6 10. Qd2 Nxd3+ 11. Qxd3 Bd7 12. O-O-O Rc8 13. Kb1 Qb6 14. Bxe7
Nxe7 15. Nd4 1/2-1/2

[Event "SR 3. liga A2 2012/2013"]
[Site "?"]
[Date "2013.03.24"]
[Round "11.5"]
[White "Mosny, Jaroslav"]
[Black "Gasa, Patrik"]
[Result "1/2-1/2"]
[WhiteElo "1923"]
[BlackElo "1906"]
[PlyCount "30"]
[EventDate "2012.??.??"]

1. d4 Nf6 2. Nf3 e6 3. e3 c5 4. Bd3 Nc6 5. O-O d5 6. b3 Bd6 7. Bb2 Qc7 8. c4
O-O 9. Nc3 a6 10. Rc1 dxc4 11. bxc4 cxd4 12. exd4 Bf4 13. Rb1 Rd8 14. Ne4 Nxe4
15. Bxe4 Rb8 1/2-1/2

[Event "SR 3. liga A2 2012/2013"]
[Site "?"]
[Date "2013.03.24"]
[Round "11.5"]
[White "Palka, Miroslav"]
[Black "Puskas, Miroslav"]
[Result "1-0"]
[WhiteElo "1924"]
[BlackElo "1909"]
[PlyCount "43"]
[EventDate "2012.??.??"]

1. c4 c5 2. Nc3 Nc6 3. e4 g6 4. g3 Bg7 5. Bg2 e6 6. Nge2 Nge7 7. O-O O-O 8. a3
f5 9. d3 a6 10. Be3 Nd4 11. Rb1 Nec6 12. b4 d6 13. Na4 b5 14. exf5 Rb8 15. fxg6
bxa4 16. gxh7+ Kxh7 17. Be4+ Kg8 18. Nf4 Ne7 19. Qh5 Rxf4 20. Bxf4 d5 21. Bh7+
Kf8 22. Bxb8 1-0

[Event "SR 3. liga A2 2012/2013"]
[Site "?"]
[Date "2013.03.24"]
[Round "11.5"]
[White "Bukovsky, Milan"]
[Black "Skapikova, Lubica"]
[Result "0-1"]
[WhiteElo "1956"]
[BlackElo "1907"]
[PlyCount "154"]
[EventDate "2012.??.??"]

1. c4 e5 2. Nc3 Nc6 3. g3 Nf6 4. Bg2 Be7 5. e3 O-O 6. Nge2 d6 7. d4 exd4 8.
exd4 Bf5 9. a3 Qd7 10. O-O Rfe8 11. b4 Bh3 12. Nf4 Bxg2 13. Kxg2 h6 14. Qd3 Bf8
15. Bb2 Ne7 16. Qf3 c6 17. Rfe1 Qf5 18. Ne4 Nxe4 19. Qxe4 Qd7 20. Qd3 d5 21. c5
Nf5 22. Qf3 g6 23. Nd3 Bg7 24. Ne5 Bxe5 25. dxe5 Re6 26. Rad1 Rae8 27. h4 h5
28. Qf4 Qe7 29. Qg5 Kg7 30. Qxe7 R8xe7 31. Kh3 Nh6 32. f3 Ng8 33. g4 hxg4+ 34.
fxg4 Re8 35. Rd3 Ra8 36. Kg3 b6 37. b5 bxc5 38. bxc6 d4 39. Rc1 Ne7 40. Rxc5
Nxc6 41. Kf4 Rd8 42. g5 Rh8 43. Rh3 Rb8 44. Rh2 Rbe8 45. Rhc2 d3 46. Rd2 Rd8
47. Ke3 Rh8 48. Rxd3 Rxh4 49. Rd6 Ne7 50. Rxe6 fxe6 51. Rc7 Kf8 52. Rxa7 Rg4
53. a4 Rxg5 54. a5 Nd5+ 55. Kd4 Rg4+ 56. Kc5 Rg2 57. Bd4 g5 58. Kd6 Rd2 59. Bc5
Nf4+ 60. Kc7+ Kf7 61. Ra8 Rd5 62. Bd6 Ng6 63. a6 Ra5 64. Kb6 Ra4 65. a7 g4 66.
Rd8 g3 67. a8=Q Rxa8 68. Rxa8 g2 69. Ra1 Nf4 70. Bc5 Kg6 71. Be3 Nd5+ 72. Kc5
Nxe3 73. Rg1 Kg5 74. Kd4 Kg4 75. Kd3 Kg3 76. Ke4 Kf2 77. Ra1 Nf5 0-1

[Event "SR 3. liga A2 2012/2013"]
[Site "?"]
[Date "2013.03.24"]
[Round "11.5"]
[White "Zisek, Jaroslav"]
[Black "Klanica, Anton"]
[Result "0-1"]
[WhiteElo "1857"]
[BlackElo "1853"]
[PlyCount "140"]
[EventDate "2012.??.??"]

1. c4 Nf6 2. Nc3 d6 3. g3 g6 4. Bg2 Bg7 5. e4 e5 6. Nge2 c5 7. d3 O-O 8. O-O
Nc6 9. h3 Be6 10. f4 Qc8 11. Kh2 Ne8 12. Nd5 Bxd5 13. exd5 Ne7 14. Nc3 f6 15.
Be3 Bh6 16. g4 Bxf4+ 17. Bxf4 exf4 18. Rxf4 f5 19. Qe2 Qd7 20. Re1 Rf7 21. Qf2
Ng7 22. Ne4 h6 23. Ng3 Raf8 24. Qe2 g5 25. Rf2 f4 26. Ne4 Ng6 27. Qd1 Nh4 28.
Nd2 Re8 29. Rxe8+ Qxe8 30. Nf3 Nxf3+ 31. Bxf3 Re7 32. Re2 Rxe2+ 33. Qxe2 Qxe2+
34. Bxe2 Kf7 35. Bf3 Kf6 36. Kg2 Ke5 37. Be4 Ne8 38. Kf3 Nc7 39. a4 Na6 40. Bf5
Kd4 41. Be4 Nb4 42. Ke2 Nc2 43. Kd2 Nb4 44. Ke2 b6 45. Bg6 Nc2 46. Bh7 Nb4 47.
Bf5 f3+ 48. Kxf3 Nxd3 49. Bxd3 Kxd3 50. b3 Kc3 51. Ke4 Kxb3 52. Kf5 Kxc4 53.
Ke6 Kb3 54. Kxd6 c4 55. Ke7 c3 56. d6 c2 57. d7 c1=Q 58. d8=Q Qc5+ 59. Kf7 a5
60. Qd7 Qc4+ 61. Kg6 Qxa4 62. Qd3+ Ka2 63. Kxh6 b5 64. Kxg5 b4 65. Qd2+ Kb1 66.
h4 Qb5+ 67. Kf6 Qb6+ 68. Kg7 Qc7+ 69. Kg6 b3 70. h5 Qc2+ 0-1

[Event "SR 3. liga A2 2012/2013"]
[Site "?"]
[Date "2013.03.24"]
[Round "11.5"]
[White "Holicky, Miroslav"]
[Black "Havlicek, Peter"]
[Result "1-0"]
[WhiteElo "1750"]
[BlackElo "1843"]
[PlyCount "48"]
[EventDate "2012.??.??"]

1. e4 c5 2. g3 d5 3. Bg2 d4 4. f4 Nc6 5. Nf3 Bg4 6. e5 e6 7. O-O Nge7 8. h3
Bxf3 9. Qxf3 Nf5 10. d3 h5 11. Na3 h4 12. g4 Ng3 13. Rf2 Be7 14. Nc4 O-O 15. f5
exf5 16. gxf5 Bg5 17. f6 gxf6 18. exf6 Qxf6 19. Qxf6 Bxf6 20. Rxf6 Ne2+ 21. Kh2
Nxc1 22. Rxc1 Kg7 23. Rf4 Rh8 24. Bd5 f6 1-0

[Event "SR 3. liga A2 2012/2013"]
[Site "?"]
[Date "2013.03.24"]
[Round "11.5"]
[White "Kubik, Peter"]
[Black "Suchan, Jozef"]
[Result "1-0"]
[WhiteElo "1720"]
[BlackElo "1699"]
[PlyCount "49"]
[EventDate "2012.??.??"]

1. e4 e5 2. Nf3 Nc6 3. Nc3 Nf6 4. Bb5 d6 5. d4 exd4 6. Nxd4 Bd7 7. O-O Ne5 8.
Bf4 Bxb5 9. Ndxb5 c6 10. Nd4 Qc7 11. Re1 Be7 12. b3 O-O 13. Na4 Rad8 14. Nf3
Rfe8 15. c4 b6 16. Nc3 Bf8 17. Rc1 Qc8 18. Nd4 Qg4 19. Qxg4 Nfxg4 20. Rcd1 c5
21. Ndb5 a6 22. Nc7 Re7 23. N7d5 Rb7 24. f3 Nf6 25. Bxe5 1-0

[Event "SR 3. liga A2 2012/2013"]
[Site "?"]
[Date "2013.03.24"]
[Round "11.6"]
[White "Malar, Pavol"]
[Black "Kapusta, Petr"]
[Result "1/2-1/2"]
[WhiteElo "2118"]
[BlackElo "2152"]
[PlyCount "190"]
[EventDate "2012.??.??"]

1. e4 c5 2. Nf3 d6 3. Bb5+ Bd7 4. Bxd7+ Qxd7 5. O-O Nc6 6. Re1 Nf6 7. d3 e6 8.
Nbd2 Be7 9. Nf1 O-O 10. Ng3 b5 11. Bg5 a5 12. Qd2 a4 13. Rad1 Rfc8 14. c3 b4
15. Bxf6 Bxf6 16. Nh5 Bd8 17. Qf4 e5 18. Qe3 bxc3 19. bxc3 Rcb8 20. d4 cxd4 21.
cxd4 Qg4 22. Ng3 exd4 23. Nxd4 Bb6 24. Ngf5 Nxd4 25. Nxd4 Bc5 26. h3 Qh4 27.
Qe2 Qf6 28. e5 dxe5 29. Qxe5 Qxe5 30. Rxe5 Bxd4 31. Rxd4 a3 32. Re3 g6 33. Rdd3
Rb1+ 34. Kh2 Rb2 35. Rxa3 Rxa2 36. Rxa8+ Rxa8 37. Re7 Ra2 38. Kg3 Kg7 39. Rb7
g5 40. Kf3 Ra3+ 41. Kg4 Kg6 42. f3 Ra2 43. Kg3 h5 44. h4 gxh4+ 45. Kh3 f6 46.
Rb4 Kg5 47. Rxh4 Ra1 48. Kg3 f5 49. f4+ Kg6 50. Rh3 Rf1 51. Rh4 Ra1 52. Kh2 Rf1
53. Kg3 Kh6 54. Rh2 Ra1 55. Kf2 Ra2+ 56. Ke3 Kg6 57. Kf3 Ra3+ 58. Kf2 Ra2+ 59.
Kg3 Ra7 60. Rh1 Rg7 61. Rb1 Kh6+ 62. Kf3 h4 63. Rb6+ Kh5 64. Rb8 Rg3+ 65. Kf2
Kg4 66. Rg8+ Kxf4 67. Rh8 Rg4 68. Re8 Rg6 69. Rh8 Kg4 70. Rh7 Rg8 71. Rb7 Ra8
72. Rg7+ Kf4 73. Rh7 Ra2+ 74. Kg1 Kg5 75. Rh8 Ra4 76. Kf2 Rf4+ 77. Ke3 Re4+ 78.
Kf3 Re6 79. g3 hxg3 80. Kxg3 Re3+ 81. Kf2 Ra3 82. Rb8 Kg4 83. Rb4+ f4 84. Rb2
Rh3 85. Kg1 Ra3 86. Kf2 Rh3 87. Kg1 f3 88. Rb8 Rh5 89. Rg8+ Rg5 90. Rxg5+ Kxg5
91. Kf1 Kf5 92. Kf2 Kf4 93. Kf1 Ke3 94. Ke1 f2+ 95. Kf1 Kf3 1/2-1/2

[Event "SR 3. liga A2 2012/2013"]
[Site "?"]
[Date "2013.03.24"]
[Round "11.6"]
[White "Strakac, Petr"]
[Black "Bisco, Igor"]
[Result "1-0"]
[WhiteElo "2066"]
[BlackElo "2143"]
[PlyCount "71"]
[EventDate "2012.??.??"]

1. e4 e5 2. Nf3 Nc6 3. Bb5 a6 4. Bxc6 dxc6 5. d4 exd4 6. Qxd4 Qxd4 7. Nxd4 Bd7
8. Be3 O-O-O 9. f3 Bd6 10. Kf2 Ne7 11. Nd2 h6 12. Rad1 f5 13. Nxf5 Nxf5 14.
exf5 Bxf5 15. c3 Bc2 16. Rc1 Bd3 17. Nb3 Rhe8 18. Rhe1 Bc4 19. Rcd1 g5 20. Nc1
c5 21. b3 Bf7 22. Ne2 b6 23. Ng3 Bg6 24. Bc1 Bxg3+ 25. hxg3 Rxd1 26. Rxd1 Bc2
27. Rh1 Re6 28. Be3 Kd7 29. g4 Rf6 30. Ke2 Ke6 31. g3 Ke5 32. Rc1 Bh7 33. b4
Kd5 34. bxc5 bxc5 35. Rd1+ Kc6 36. f4 1-0

[Event "SR 3. liga A2 2012/2013"]
[Site "?"]
[Date "2013.03.24"]
[Round "11.6"]
[White "Krajcovic, Branislav"]
[Black "Hudacek, Josef"]
[Result "1-0"]
[WhiteElo "2038"]
[BlackElo "2067"]
[PlyCount "143"]
[EventDate "2012.??.??"]

1. e4 c5 2. Nc3 d6 3. Nf3 Nc6 4. d4 cxd4 5. Nxd4 Nf6 6. Be2 a6 7. a4 e6 8. O-O
Be7 9. Kh1 O-O 10. f4 Qc7 11. Be3 Rd8 12. Bd3 Nb4 13. Qe2 b6 14. Rae1 Bb7 15.
Kg1 Bf8 16. Qf3 Rd7 17. Qh3 Rad8 18. Nf3 Ne8 19. Bc1 Nxd3 20. cxd3 b5 21. axb5
axb5 22. Kh1 Bc6 23. Ng5 h6 24. Nf3 b4 25. Ne2 Bb5 26. Rd1 Ba4 27. Rde1 Qb6 28.
Nfd4 d5 29. e5 Bc5 30. Be3 Bb5 31. Bg1 Ra7 32. f5 exf5 33. Qxf5 Re7 34. Nxb5
Bxg1 35. Nd6 Nxd6 36. exd6 Qxd6 37. Nxg1 Rde8 38. Qf2 Qg6 39. Rxe7 Rxe7 40. d4
Qd3 41. Rc1 f5 42. Qf3 Re3 43. Qxd5+ Kh7 44. Qd7 Qe4 45. Rc5 Rb3 46. Qxf5+ Qxf5
47. Rxf5 Rxb2 48. Rb5 b3 49. h3 Rd2 50. Nf3 Rd1+ 51. Kh2 Rb1 52. Nd2 Rd1 53.
Nxb3 Rd3 54. d5 h5 55. Na5 g5 56. Nb7 g4 57. hxg4 hxg4 58. d6 Kg7 59. Rg5+ Kf7
60. Rxg4 Rd5 61. Re4 Rd2 62. Re7+ Kf8 63. Rh7 Ke8 64. d7+ Rxd7 65. Rxd7 Kxd7
66. Kg3 Ke6 67. Kf4 Kf6 68. g4 Kg6 69. g5 Kg7 70. Kf5 Kh7 71. Kf6 Kg8 72. Kg6
1-0

[Event "SR 3. liga A2 2012/2013"]
[Site "?"]
[Date "2013.03.24"]
[Round "11.6"]
[White "Vogl, Zdenek"]
[Black "Slamena, Michal"]
[Result "0-1"]
[WhiteElo "1945"]
[BlackElo "1986"]
[PlyCount "83"]
[EventDate "2012.??.??"]

1. e4 c5 2. Nf3 d6 3. d4 cxd4 4. Nxd4 Nf6 5. Nc3 g6 6. Be3 Bg7 7. Bd3 O-O 8. f3
Nc6 9. Nxc6 bxc6 10. O-O Qa5 11. Qd2 Re8 12. Ne2 Qc7 13. Rab1 d5 14. Bh6 Bh8
15. Kh1 e5 16. c3 Bb7 17. Qc2 Rad8 18. Bg5 Rd6 19. Be3 c5 20. Ng3 h5 21. Bg5 c4
22. Be2 d4 23. cxd4 exd4 24. Bf4 d3 25. Bxd3 Rc8 26. Bxd6 Qxd6 27. Bxc4 h4 28.
Ne2 h3 29. gxh3 Nd7 30. Rbd1 Qe7 31. b3 Ne5 32. Ng3 Qh4 33. Qg2 Nxc4 34. bxc4
Rxc4 35. Rb1 Bc8 36. Rfc1 Bxh3 37. Qd2 Ra4 38. Rb4 Rxb4 39. Qxb4 Qf4 40. Qa3
Qd2 41. Rg1 Bd4 42. Qd6 0-1